000 01011nam a22002297a 4500
999 _c13282
_d13282
003 AR-CdUCM
008 190411b ||||| |||| 00| 0 spa d
040 _aMUNICIPALIDAD PROVINCIAL DEL CUSCO
_cBIBLIOTECA MUNICIPAL DEL CUSCO
082 _a341.24 /
_bSI57
110 _aInstituto Interamericano de Estudios Jurídicos Internacionales.
_931615
245 _aEl sistema interamericano :
_bestudio sobre su desarrollo y fortalecimiento /
260 _aMadrid :
_bEdiciones Cultura Hispánica,
_c1966.
300 _aXLVIII, 608 páginas ;
_btablas, mapa,
_c23 cm.
505 _aContenido: Estructuras, funciones y actividades generales -- Arreglo pacífico y seguridad colectiva -- Cooperación económica y social -- Postscriptum.
650 _aConferencias internacionales americanas
_931616
650 _aAmérica
_91348
650 _aHistoria
_9136
650 _aPolítica y gobierno
_92693
710 _aInstituto de Cultura Hispánica (Madrid)
_931617
942 _2ddc
_cLIBROS
945 _aachl
_d2019-04-11